000 00351 a2200133 4500
000 nam a22 7a 4500
100 _aMitchell, Ralph
110 _aMitchell, Ralph
245 _aModern civil engineering structures
250 _aLatest edition
260 _bbrilliance publishing
_c2025
264 _bbrilliance publishing
_c2025
942 _cBK
999 _c396724
_d396724